One Piece- Dans quel arc Luffy porte-t-il cette tenue ? - Statistiques

Statistiques générales
  • Ce quiz a été pris 75 fois
  • Le résultat moyen est 11 sur 13
Statistiques - réponses
Par images Réponse % Correct
Alabasta
96%
Wano Kuni
96%
Drum
91%
Egghead
90%
Dressrosa
88%
Punk Hazard
85%
Whole Cake Island
84%
Elbaf
81%
Sabaody
79%
Thriller Bark
78%
Onigashima
74%
Amazon Lily
71%
Marine Ford
63%
Aucun quiz correspondant
Distribution des résultats
% des personnes avec chaque résultat
Percentile par nombre de réponses
Votre historique - résultats
Vous n’avez pas pris ce quiz